000 00534nam a22001697a 4500
003 OSt
008 260625b |||||||| |||| 00| 0 eng d
020 _a9781786393982
082 _a639.964
_bW87C
245 _aClimate change and non-infectious fish disorders/edited by P. T. K. Woo, G. K. Iwama
260 _aWallingford :
_bCABI,
_c2020.
300 _ax, 244 p.
650 _aPure Sciences | Animals | Fishes | Non-Infectious Fish | Climate Change
700 _aWoo, P. T. K.
700 _a Iwama, G. K.
942 _2ddc
_cBK
999 _c52318
_d52318